000 00400nam a22001337a 4500
020 _a978-6968535674
040 _cNUST
082 _a327.47
_bKHA
100 _aKhan, Ashfaque Hasan
_9111931
245 _aRussia Ukraune Crisis:
_bDawn of a new world order? /
_cAshfaque Hasan Khan
260 _aIslamabad;
_bNUST Institute of Policy Studies,
_c2023.
300 _a132p.
_bPB.
_c27cm.
942 _2ddc
_cBK
999 _c615436
_d615436